[Event "ICS rated blitz match"]
[Site "204.178.125.65"]
[Date "2000.11.18"]
[Round "?"]
[White "Artemus-Z"]
[Black "Hossa"]
[Result "1/2-1/2"]
[WhiteElo "2479"]
[BlackElo "2622"]
[PlyCount "51"]
[EventDate "2000.??.??"]

1. e4 e6 2. d4 d5 3. Nc3 Bb4 4. e5 Ne7 5. a3 Bxc3+ 6. bxc3 c5 7. Qg4 O-O 8. Bd3
c4 9. Bh6 Ng6 10. Bxg6 fxg6 11. Be3 Qb6 12. Qd1 Qb2 13. Ne2 Bd7 14. Rb1 Qxa3
15. Rxb7 Bc6 16. Bc1 Qa2 17. Rb2 Qa1 18. O-O Rf7 19. Qd2 Na6 20. Qg5 Nc7 21. f3
Raf8 22. Qh4 Nb5 23. Qg4 Nc7 24. Qh4 Nb5 25. Qg4 Nc7 26. Qh4 {
Game drawn by repetition} 1/2-1/2

[Event "ICS rated blitz match"]
[Site "204.178.125.65"]
[Date "2000.11.18"]
[Round "?"]
[White "Hossa"]
[Black "Artemus-Z"]
[Result "0-1"]
[WhiteElo "2616"]
[BlackElo "2485"]
[PlyCount "114"]
[EventDate "2000.??.??"]

1. d4 Nf6 2. Nf3 g6 3. Bg5 Bg7 4. Nbd2 d5 5. e3 O-O 6. Bd3 c5 7. dxc5 Nfd7 8.
O-O Nxc5 9. Nd4 f6 10. Bh4 e5 11. Nb5 Nxd3 12. cxd3 Nc6 13. Nb3 d4 14. Nc5 a6
15. Qb3+ Rf7 16. Na3 Na5 17. Qd1 Qd5 18. Ne4 Bf5 19. Ng3 Be6 20. Ne4 Rd8 21.
Qa4 Nc6 22. Qc2 Nb4 23. Qc4 a5 24. Nc5 Rc8 25. Qxd5 Bxd5 26. Ne4 Rff8 27. exd4
exd4 28. Nd6 Rcd8 29. Bg3 f5 30. Nac4 Nxd3 31. b3 f4 32. Bh4 Rd7 33. Rad1 Ne5
34. Rfe1 Bxc4 35. Nxc4 Nxc4 36. bxc4 h6 37. Be7 Rf7 38. Bc5 d3 39. Bb6 Bc3 40.
Re6 Rfe7 41. Rxe7 Rxe7 42. Bc5 Re6 43. Be3 fxe3 44. fxe3 Rxe3 45. Kf2 Bd4 46.
g4 Kf7 47. h4 Ke6 48. h5 gxh5 49. gxh5 Kf5 50. Kf1 Rg3 51. Ke1 Ke4 52. Kd2 Rg2+
53. Kc1 Bc3 54. a3 Ra2 55. Re1+ Kd4 56. Re4+ Kxe4 57. Kb1 Ra1# {
Hossa checkmated} 0-1

[Event "ICS rated blitz match"]
[Site "204.178.125.65"]
[Date "2000.11.18"]
[Round "?"]
[White "LeTiger"]
[Black "Hossa"]
[Result "1-0"]
[WhiteElo "2846"]
[BlackElo "2590"]
[PlyCount "93"]
[EventDate "2000.??.??"]

1. e4 c5 2. Nf3 e6 3. d4 cxd4 4. Nxd4 a6 5. Bd3 Qc7 6. O-O Nf6 7. Qe2 d6 8. c4
Be7 9. b3 O-O 10. Bb2 Nfd7 11. Qh5 Ne5 12. Be2 Bf6 13. Na3 Ng6 14. g3 Nc6 15.
Nac2 Bd7 16. Rad1 Rfc8 17. f4 b5 18. Rf2 bxc4 19. Bxc4 Qb6 20. f5 Nce5 21. Ne3
Nf8 22. fxe6 fxe6 23. Ndf5 Be8 24. Qe2 Nxc4 25. Nxc4 Rxc4 26. Bxf6 exf5 27.
Qxc4+ Bf7 28. Bd4 Qb7 29. Qc3 Rc8 30. Qf3 fxe4 31. Qg4 Ng6 32. Rdf1 Rf8 33. Rf5
Qc6 34. h4 Qc2 35. h5 Ne5 36. Rg5 g6 37. hxg6 hxg6 38. Bxe5 Qc5+ 39. Kg2 Qc2+
40. Kh3 e3 41. Rxf7 Rxf7 42. Rxg6+ Kf8 43. Bxd6+ Re7 44. Rg7 Qc4 45. Bxe7+ Ke8
46. bxc4 e2 47. Qc8# {Hossa checkmated} 1-0

[Event "ICS rated blitz match"]
[Site "204.178.125.65"]
[Date "2000.11.18"]
[Round "?"]
[White "Hossa"]
[Black "Carsi"]
[Result "1-0"]
[WhiteElo "2584"]
[BlackElo "2469"]
[PlyCount "31"]
[EventDate "2000.??.??"]

1. e4 c5 2. Nf3 Nc6 3. d4 cxd4 4. Nxd4 Nf6 5. Nxc6 bxc6 6. Nc3 d6 7. Bc4 g6 8.
e5 Nd7 9. exd6 exd6 10. O-O Be7 11. Bh6 Ne5 12. Bg7 Rg8 13. Bxe5 dxe5 14. Qf3
Rg7 15. Qxc6+ Qd7 16. Qxa8 {Carsi resigns} 1-0

[Event "ICS rated blitz match"]
[Site "204.178.125.65"]
[Date "2000.11.18"]
[Round "?"]
[White "Hossa"]
[Black "PostModernist"]
[Result "1/2-1/2"]
[WhiteElo "2595"]
[BlackElo "2555"]
[PlyCount "121"]
[EventDate "2000.??.??"]

1. e4 c5 2. Nf3 g6 3. d4 Bg7 4. Nc3 cxd4 5. Nxd4 Nc6 6. Be3 Nf6 7. Nxc6 bxc6 8.
e5 Ng8 9. f4 Nh6 10. Bc5 f6 11. exf6 Bxf6 12. Be2 d6 13. Bd4 O-O 14. O-O Bxd4+
15. Qxd4 Qb6 16. Bc4+ Nf7 17. Qxb6 axb6 18. Rfe1 Re8 19. Be6 Bxe6 20. Rxe6 b5
21. a3 b4 22. Ne2 g5 23. f5 Ne5 24. a4 c5 25. Ng3 Nc6 26. c3 Ne5 27. Ne4 bxc3
28. bxc3 Nf7 29. a5 Kf8 30. f6 exf6 31. Rxe8+ Kxe8 32. Nxf6+ Kf8 33. a6 Ra7 34.
Kf2 h6 35. Nd5 Ne5 36. Ra4 Nc6 37. h4 Nb8 38. hxg5 hxg5 39. Kf3 Kf7 40. Kg4
Rxa6 41. Rxa6 Nxa6 42. Kf5 c4 43. Kxg5 Ke6 44. Nf4+ Ke5 45. Kg4 Ke4 46. Ne2 Nc7
47. Nd4 Kd3 48. Kf4 Kxc3 49. Ke3 Kb2 50. Kd2 c3+ 51. Kd1 Ne6 52. Nc2 d5 53. Ne3
Nd4 54. g4 c2+ 55. Nxc2 Nxc2 56. Kd2 Nd4 57. Kd3 Nc6 58. g5 Ne7 59. Kd4 Kb3 60.
g6 Nxg6 61. Kxd5 {Game drawn because neither player has mating material}
1/2-1/2

[Event "ICS rated blitz match"]
[Site "204.178.125.65"]
[Date "2000.11.18"]
[Round "?"]
[White "PostModernist"]
[Black "Hossa"]
[Result "1-0"]
[WhiteElo "2558"]
[BlackElo "2593"]
[PlyCount "127"]
[EventDate "2000.??.??"]

1. e4 c5 2. c3 d5 3. exd5 Qxd5 4. d4 Nf6 5. Nf3 e6 6. Be2 Be7 7. O-O O-O 8. Bf4
cxd4 9. Qxd4 Nc6 10. Qd2 Rd8 11. Bc7 Rd7 12. Qxd5 Nxd5 13. Bg3 Nf6 14. Bf4 Nh5
15. Be3 Bd6 16. Nbd2 Nf4 17. Bb5 a6 18. Bxc6 bxc6 19. Nc4 Nd5 20. Nxd6 Rxd6 21.
Rfd1 Rd7 22. Ne5 Rb7 23. Nxc6 f6 24. Bc1 Bd7 25. Na5 Rc7 26. c4 Nb4 27. Be3 Rb8
28. Rd6 Nc2 29. Rb1 Nxe3 30. fxe3 e5 31. b3 Ra8 32. b4 Bf5 33. Rf1 Be4 34. c5
Kf7 35. Rfd1 g5 36. Rb6 f5 37. Rdd6 Rca7 38. Nc4 Kg8 39. Nxe5 a5 40. b5 Bb1 41.
Nc6 Rc7 42. Rd5 Be4 43. Re5 Kh8 44. Ne7 Bb1 45. a3 f4 46. exf4 gxf4 47. Rf6 Rd7
48. Rxf4 Rd2 49. c6 Bc2 50. c7 Rd3 51. Rc5 Rd1+ 52. Kf2 Bb3 53. b6 Rd2+ 54. Kg3
Rd3+ 55. Rf3 Rdd8 56. cxd8=R+ Rxd8 57. Rxb3 a4 58. b7 axb3 59. Rc8 Rxc8 60.
bxc8=Q+ Kg7 61. Qe6 h5 62. Nf5+ Kf8 63. Qe7+ Kg8 64. Qg7# {Hossa checkmated}
1-0

[Event "ICS rated bullet match"]
[Site "204.178.125.65"]
[Date "2000.11.18"]
[Round "?"]
[White "Hossa"]
[Black "fiajakt"]
[Result "1-0"]
[WhiteElo "2644"]
[BlackElo "2152"]
[PlyCount "81"]
[EventDate "2000.??.??"]

1. e4 c5 2. Nf3 Nc6 3. d4 cxd4 4. Nxd4 Nf6 5. Nxc6 dxc6 6. Qxd8+ Kxd8 7. Nc3 g6
8. Bf4 Bg7 9. O-O-O+ Ke8 10. f3 Be6 11. Be5 Rd8 12. Bd3 Kd7 13. Bc4+ Kc8 14.
Bxe6+ fxe6 15. f4 Rxd1+ 16. Rxd1 Rd8 17. Rxd8+ Kxd8 18. g4 Ne8 19. Bxg7 Nxg7
20. e5 Kd7 21. Ne4 b6 22. c4 h6 23. b4 Ne8 24. Kc2 Nc7 25. h3 Na6 26. Kc3 c5
27. b5 Nb4 28. a3 Na2+ 29. Kb2 Nb4 30. axb4 cxb4 31. Kb3 Kc7 32. Kxb4 Kb7 33.
c5 Kc7 34. c6 Kc8 35. h4 Kc7 36. Nf6 exf6 37. exf6 Kd8 38. f7 Ke7 39. c7 Kxf7
40. c8=Q Ke7 41. Qc7+ {fiajakt resigns} 1-0

[Event "ICS rated bullet match"]
[Site "204.178.125.65"]
[Date "2000.11.18"]
[Round "?"]
[White "fiajakt"]
[Black "Hossa"]
[Result "0-1"]
[WhiteElo "2148"]
[BlackElo "2646"]
[PlyCount "50"]
[EventDate "2000.??.??"]

1. d4 c6 2. Nf3 d5 3. c4 Nf6 4. Nc3 dxc4 5. g3 b5 6. Bg2 b4 7. Nb1 Qd5 8. O-O
Bf5 9. Nbd2 c3 10. bxc3 bxc3 11. Nb3 c2 12. Qe1 Be4 13. Ba3 Na6 14. Nc5 Nxc5
15. Bxc5 Nd7 16. Qc3 Nxc5 17. dxc5 e6 18. Rac1 Qxa2 19. Ne5 Bxg2 20. Kxg2 Qd5+
21. Kg1 f6 22. Nd3 Be7 23. Rxc2 Qe4 24. Ra1 O-O 25. Kf1 Qh1# {
fiajakt checkmated} 0-1

[Event "ICS rated blitz match"]
[Site "204.178.125.65"]
[Date "2000.11.18"]
[Round "?"]
[White "kyrios"]
[Black "Hossa"]
[Result "0-1"]
[WhiteElo "2097"]
[BlackElo "2575"]
[PlyCount "78"]
[EventDate "2000.??.??"]

1. d4 c6 2. c4 d5 3. e3 Nf6 4. Nf3 e6 5. Nc3 b6 6. Bd3 Bd6 7. O-O Ba6 8. cxd5
exd5 9. Bxa6 Nxa6 10. Ne5 Qc7 11. f4 O-O 12. Bd2 Rfe8 13. Rc1 Qb7 14. Be1 Nb4
15. a3 Na6 16. Bh4 Be7 17. g4 Nd7 18. Bxe7 Rxe7 19. g5 Nc7 20. Ne2 c5 21. Ng3
Nxe5 22. dxe5 Qc8 23. Qh5 g6 24. Qh4 Qd7 25. Rc2 Rd8 26. Rd2 Qe8 27. Qg4 Qa4
28. h4 Qb3 29. Rf3 Qc4 30. Rf1 Rxe5 31. h5 Rxe3 32. hxg6 fxg6 33. Rh2 Qd4 34.
Kh1 Rb3 35. Rff2 Qe3 36. Qh4 Rd7 37. Nf1 Qe4+ 38. Kg1 Rf7 39. Re2 Qxf4 {
kyrios resigns} 0-1

[Event "ICS rated blitz match"]
[Site "204.178.125.65"]
[Date "2000.11.18"]
[Round "?"]
[White "Hossa"]
[Black "QueenMaxima"]
[Result "1-0"]
[WhiteElo "2577"]
[BlackElo "2572"]
[PlyCount "79"]
[EventDate "2000.??.??"]

1. e4 d6 2. d4 e6 3. Nc3 Nd7 4. Nf3 Ne7 5. Be3 Nf6 6. Bd3 Ng6 7. O-O Be7 8. e5
dxe5 9. Nxe5 O-O 10. Qe2 Nd5 11. Qh5 a5 12. Nxd5 Qxd5 13. c4 Qd6 14. Be4 f5 15.
c5 Qd8 16. Bc2 Nxe5 17. dxe5 Qd5 18. Rfd1 Qxe5 19. Bd4 Qf4 20. Qe2 Kh8 21. Be5
Qg4 22. Qxg4 fxg4 23. Bxc7 Bxc5 24. Rd2 b6 25. Rad1 Ra7 26. Bd6 Bxd6 27. Rxd6
b5 28. Bd3 Raf7 29. Rd2 b4 30. Kf1 Rf4 31. Rc6 e5 32. Bc2 e4 33. Ke1 e3 34.
Rdd6 Rxf2 35. Rc7 g3 36. hxg3 Bg4 37. Bd3 Rxb2 38. Rf7 Rxf7 39. Rd8+ Rf8 40.
Rxf8# {QueenMaxima checkmated} 1-0

[Event "ICS rated blitz match"]
[Site "204.178.125.65"]
[Date "2000.11.18"]
[Round "?"]
[White "Hossa"]
[Black "razor91"]
[Result "1/2-1/2"]
[WhiteElo "2610"]
[BlackElo "2590"]
[PlyCount "245"]
[EventDate "2000.??.??"]

1. e4 c5 2. Nf3 Nc6 3. d4 cxd4 4. Nxd4 Nf6 5. Nxc6 bxc6 6. Nc3 e5 7. Bd3 Be7 8.
O-O O-O 9. Bc4 Nxe4 10. Nxe4 d5 11. Bd3 dxe4 12. Bxe4 Ba6 13. Re1 Qxd1 14. Rxd1
Rad8 15. Be3 c5 16. f4 exf4 17. Bxf4 Bf6 18. c3 Rfe8 19. Rxd8 Rxd8 20. Kf2 g5
21. Be3 h5 22. Bxc5 Rd2+ 23. Kf3 Be5 24. h3 f5 25. Bxf5 Bb7+ 26. Be4 Rd3+ 27.
Be3 g4+ 28. hxg4 hxg4+ 29. Kxg4 Bxe4 30. Re1 Bxg2 31. Bxa7 Bh3+ 32. Kg5 Bg7 33.
Be3 Be6 34. a3 Kf7 35. Rf1+ Ke7 36. Re1 Rd5+ 37. Kf4 Rb5 38. Re2 Kd6 39. Ke4
Re5+ 40. Kf3 Bd5+ 41. Kf2 Rf5+ 42. Ke1 Bc4 43. Rg2 Bf6 44. Rg4 Kd5 45. Kd2 Rh5
46. Bg1 Bb3 47. Rb4 Bg5+ 48. Ke1 Bc2 49. b3 Kc6 50. a4 Rh3 51. Rb5 Bf4 52. Bd4
Rh1+ 53. Ke2 Rb1 54. b4 Bxa4 55. Rc5+ Kd7 56. Rf5 Bd6 57. Kd3 Bb3 58. Rf6 Rh1
59. Ke4 Re1+ 60. Kd3 Rd1+ 61. Ke2 Rh1 62. Kd3 Rh3+ 63. Be3 Be5 64. Rh6 Rg3 65.
Rh7+ Kd6 66. Rh6+ Kd5 67. Rh4 Bxc3 68. b5 Bf6 69. Rb4 Bg5 70. Rxb3 Bxe3 71. b6
Bxb6+ 72. Kc2 Be3 73. Rd3+ Ke4 74. Rc3 Rg1 75. Rc4+ Bd4 76. Rc6 Rg2+ 77. Kb3
Kd3 78. Rd6 Rb2+ 79. Ka3 Rc2 80. Kb4 Rc1 81. Kb5 Rb1+ 82. Kc6 Kc4 83. Kd7 Bc5
84. Rc6 Kd5 85. Kc7 Re1 86. Kb7 Ra1 87. Ra6 Rb1+ 88. Kc7 Re1 89. Rf6 Re7+ 90.
Kd8 Bd6 91. Rf5+ Ke6 92. Rg5 Bc7+ 93. Kc8 Be5 94. Rg6+ Bf6 95. Rg4 Kd6 96. Rc4
Ra7 97. Kb8 Rd7 98. Rf4 Be5 99. Rc4 Rf7 100. Rc2 Bf4 101. Rc3 Re7 102. Rc4 Be3
103. Rg4 Bb6 104. Rg6+ Kc5 105. Rg5+ Kc6 106. Rg6+ Kb5 107. Rg4 Bc7+ 108. Kc8
Bd6 109. Kd8 Kc6 110. Rc4+ Kd5 111. Rc2 Rg7 112. Kc8 Ke6 113. Re2+ Be5 114. Rc2
Rg8+ 115. Kb7 Rb8+ 116. Ka7 Rb1 117. Rc6+ Kd7 118. Rc2 Bf4 119. Rc4 Bb8+ 120.
Ka6 Bc7 121. Rd4+ Bd6 122. Ka5 Kc6 123. Rc4+ {Game drawn by the 50 move rule}
1/2-1/2

[Event "ICS rated blitz match"]
[Site "204.178.125.65"]
[Date "2000.11.18"]
[Round "?"]
[White "Hossa"]
[Black "ChesterX"]
[Result "0-1"]
[WhiteElo "2609"]
[BlackElo "2588"]
[PlyCount "118"]
[EventDate "2000.??.??"]

1. e4 c5 2. Nf3 Nc6 3. d4 cxd4 4. Nxd4 g6 5. Be3 Nf6 6. Nc3 d6 7. Bb5 Bd7 8.
O-O Bg7 9. Qd2 Ng4 10. Nb3 Nxe3 11. Qxe3 O-O 12. Nd1 Nb4 13. Bxd7 Nxc2 14. Qh3
Nxa1 15. Nxa1 e6 16. Bb5 d5 17. exd5 Qxd5 18. Qb3 Rfd8 19. Qxd5 Rxd5 20. Bc4
Rd6 21. Nb3 Rc8 22. Bb5 Rdd8 23. a4 b6 24. g3 Rc2 25. Kg2 Bxb2 26. Kf3 Bf6 27.
Ne3 Rc3 28. Rb1 h5 29. a5 Bg7 30. axb6 axb6 31. h4 Ra8 32. Nd2 Bd4 33. Ne4 Rca3
34. Nd6 Rd8 35. Ndc4 Rc3 36. Kf4 f6 37. Ke4 e5 38. Kf3 Kh7 39. Rd1 Rd5 40. Ba6
b5 41. Ke2 Rc5 42. Nd2 Ra3 43. Bb7 Ra2 44. Nd5 f5 45. Nb4 Ra4 46. Rb1 e4 47.
Nc6 Bc3 48. Nb3 Rcc4 49. Rd1 Bg7 50. Rd5 b4 51. Rd7 Rc2+ 52. Nd2 b3 53. Rd6 b2
54. Kd1 Rxd2+ 55. Kxd2 b1=Q 56. Ke2 Ra2+ 57. Rd2 Qd3+ 58. Ke1 Rxd2 59. Ba6 Rd1#
{Hossa checkmated} 0-1

[Event "ICS rated blitz match"]
[Site "204.178.125.65"]
[Date "2000.11.18"]
[Round "?"]
[White "PostModernist"]
[Black "Hossa"]
[Result "1-0"]
[WhiteElo "2563"]
[BlackElo "2592"]
[PlyCount "217"]
[EventDate "2000.??.??"]

1. e4 c5 2. c3 e6 3. d4 d5 4. e5 Nc6 5. Nf3 Bd7 6. a3 f6 7. Bd3 fxe5 8. Nxe5
Nxe5 9. dxe5 Ne7 10. O-O Qc7 11. Qe2 O-O-O 12. b4 c4 13. Bc2 Nc6 14. Re1 Be7
15. Nd2 Rdf8 16. Nf3 Nd8 17. Qe3 Kb8 18. a4 Be8 19. Bb2 Bh5 20. Nd4 Qd7 21. a5
Bh4 22. g3 Be7 23. Ba4 Qc8 24. f4 Nc6 25. Bxc6 bxc6 26. Ba3 Be8 27. Reb1 Bg6
28. Rb2 Be8 29. b5 Bxa3 30. Rxa3 cxb5 31. Nxb5 Bxb5 32. Rxb5+ Ka8 33. a6 Rf7
34. Qd2 Qc7 35. Ra1 g5 36. Rxd5 Qb6+ 37. Rd4 gxf4 38. Qe2 Rd7 39. Qe4+ Rd5 40.
Rb1 Qc6 41. gxf4 Rc5 42. Qxc6+ Rxc6 43. Rd6 Rxd6 44. exd6 Rd8 45. Rd1 Kb8 46.
Rd4 h6 47. Kf2 Kc8 48. Rxc4+ Kd7 49. Rc7+ Kxd6 50. Rxa7 Rc8 51. Rh7 Rc4 52. f5
Rf4+ 53. Ke3 Rxf5 54. a7 Ra5 55. h4 Kd5 56. Kd3 e5 57. c4+ Kc5 58. h5 Ra1 59.
Rd7 Kc6 60. Rf7 Kc5 61. Rh7 Ra4 62. Ke4 Ra3 63. Rc7+ Kd6 64. Rb7 Kc6 65. Rf7
Kd6 66. Kf5 Ra5 67. Rb7 Kc6 68. Re7 Kb6 69. Rd7 Kc6 70. Rg7 Kc5 71. Kxe5 Kxc4+
72. Ke4 Kc3 73. Rc7+ Kd2 74. Kd4 Ke2 75. Rf7 Ke1 76. Ke4 Ke2 77. Rb7 Kf2 78.
Rg7 Ke2 79. Rf7 Kd2 80. Re7 Ke2 81. Kf4+ Kf2 82. Rc7 Ra6 83. Rg7 Ra5 84. Re7
Kg2 85. Ke4 Kh3 86. Kd3 Kh4 87. Kc4 Kg4 88. Kb3 Kf4 89. Rg7 Ra1 90. Kb4 Ke5 91.
Kc5 Ra6 92. Rc7 Kf5 93. Kb5 Ra1 94. Rc5+ Ke6 95. Kb6 Rxa7 96. Kxa7 Kf6 97. Kb6
Ke6 98. Rc6+ Kf5 99. Rxh6 Kg5 100. Rh8 Kh4 101. h6 Kh5 102. Kc6 Kg6 103. Kd5
Kh5 104. h7 Kh6 105. Ke6 Kg7 106. Rf8 Kh6 107. h8=Q+ Kg5 108. Qg7+ Kh5 109.
Rh8# {Hossa checkmated} 1-0

[Event "ICS rated blitz match"]
[Site "204.178.125.65"]
[Date "2000.11.18"]
[Round "?"]
[White "Hossa"]
[Black "cfd"]
[Result "1-0"]
[WhiteElo "2575"]
[BlackElo "2123"]
[PlyCount "137"]
[EventDate "2000.??.??"]

1. e4 e6 2. d4 d5 3. Nc3 Nf6 4. Bd3 Bb4 5. e5 Ne4 6. Nge2 Nxc3 7. bxc3 Be7 8.
Ng3 c5 9. Qg4 g6 10. Bh6 c4 11. Be2 Qa5 12. Qf3 Bd7 13. O-O Ba4 14. Rfb1 b5 15.
Bd1 Nd7 16. a3 Qd8 17. Qf4 Bf8 18. Bxf8 Kxf8 19. Qh6+ Ke7 20. Rb2 Qf8 21. Qe3
h5 22. Qg5+ Ke8 23. Qd2 Qh6 24. f4 Nb6 25. Nh1 Nc8 26. Nf2 Ne7 27. Nh3 Nf5 28.
Ng5 Ke7 29. Be2 a6 30. Rc1 Rac8 31. Re1 Kf8 32. Ra1 Ne7 33. Rb4 Nc6 34. Rbb1
Nb8 35. Rb2 Ke7 36. Rab1 Nd7 37. Qe3 Nf8 38. Ra1 Nh7 39. Rf1 Nf8 40. Qd2 Nd7
41. Rb4 Nb8 42. Rbb1 Nc6 43. Qc1 Rb8 44. Rf3 Rb7 45. Rf2 Rhb8 46. Qb2 Rh8 47.
Rf3 Rc8 48. Rh3 Rh8 49. Rc1 Qg7 50. Rg3 Qh6 51. Rf3 Rhb8 52. Re3 a5 53. Rb1 Qf8
54. Qc1 Ke8 55. Nh7 Qe7 56. Nf6+ Kd8 57. Rh3 Kc7 58. Qb2 Kb6 59. Rg3 Ka6 60.
Re3 Ka7 61. Rf3 Ka6 62. f5 Ka7 63. fxe6 fxe6 64. Rg3 Qf7 65. Rf1 b4 66. axb4
axb4 67. Ra1 bxc3 68. Rxa4+ Na5 69. Rxa5# {cfd checkmated} 1-0

[Event "ICS rated blitz match"]
[Site "204.178.125.65"]
[Date "2000.11.18"]
[Round "?"]
[White "Hossa"]
[Black "chuda"]
[Result "1-0"]
[WhiteElo "2578"]
[BlackElo "1974"]
[PlyCount "31"]
[EventDate "2000.??.??"]

1. e4 d5 2. exd5 Nf6 3. d4 Bg4 4. f3 Bf5 5. Bb5+ Nbd7 6. c4 e6 7. dxe6 Bxe6 8.
d5 Bf5 9. Nc3 Bc5 10. g4 Bg6 11. Qe2+ Qe7 12. Qxe7+ Bxe7 13. g5 Nh5 14. Be3
O-O-O 15. Bxa7 b6 16. Ba6# {chuda checkmated} 1-0

[Event "ICS rated blitz match"]
[Site "204.178.125.65"]
[Date "2000.11.18"]
[Round "?"]
[White "chuda"]
[Black "Hossa"]
[Result "0-1"]
[WhiteElo "1973"]
[BlackElo "2579"]
[PlyCount "43"]
[EventDate "2000.??.??"]

1. e4 c5 2. Nf3 Nc6 3. d4 cxd4 4. Nxd4 g6 5. c4 Bg7 6. Be3 Nh6 7. Nc3 Ng4 8.
Be2 Nxe3 9. fxe3 O-O 10. O-O d6 11. Kh1 Bd7 12. Nd5 Nxd4 13. exd4 e6 14. Nc3
Qb6 15. Rb1 Qxd4 16. Qc2 f5 17. Rbd1 Qb6 18. exf5 Rxf5 19. Rxf5 gxf5 20. b3 Bc6
21. Bh5 Qe3 22. h3 {chuda resigns} 0-1

[Event "ICS rated bullet match"]
[Site "204.178.125.65"]
[Date "2000.11.18"]
[Round "?"]
[White "Hossa"]
[Black "CPUGrandMaster"]
[Result "0-1"]
[WhiteElo "2648"]
[BlackElo "2899"]
[PlyCount "140"]
[EventDate "2000.??.??"]

1. d4 d5 2. Nf3 Nf6 3. Bf4 c5 4. e3 Qb6 5. Qc1 e6 6. dxc5 Bxc5 7. Bd3 O-O 8.
O-O Nh5 9. Be5 Nc6 10. Bc3 Bd7 11. Nbd2 Nb4 12. Nb3 Bd6 13. Be2 Ba4 14. Qd2 Nf6
15. Bxf6 gxf6 16. Bd1 Kh8 17. a3 Nc6 18. Rc1 Rg8 19. g3 Rac8 20. Nh4 Rg7 21.
Re1 Ne5 22. Rb1 f5 23. Qd4 Qxd4 24. Nxd4 Nc4 25. Bh5 Nd2 26. Rbd1 Ne4 27. Re2
Bc5 28. Rc1 h6 29. Ng2 Rh7 30. c3 Kg8 31. Ne1 Bd6 32. Nd3 Kf8 33. Ree1 Ke7 34.
Ra1 Rg7 35. Bf3 Rgg8 36. Bh5 Nd2 37. Bd1 Be8 38. Re2 Nc4 39. a4 f6 40. Rc2 Bf7
41. Nb5 Bb8 42. b3 Nd6 43. Nxd6 Bxd6 44. Be2 Rc6 45. a5 Rgc8 46. Rac1 Kd7 47.
Nb2 a6 48. Nd3 e5 49. Kg2 d4 50. c4 e4 51. exd4 exd3 52. Bxd3 Re8 53. d5 Rc7
54. Bxf5+ Kd8 55. Ra1 Bb4 56. Ra4 Bc5 57. Rd2 Re5 58. g4 h5 59. h4 hxg4 60.
Bxg4 Bg6 61. b4 Be8 62. b5 Rg7 63. Kf3 f5 64. Bh3 axb5 65. cxb5 Bh5+ 66. Kf4
Bd6 67. Rdd4 Ree7+ 68. Kxf5 Be8 69. Bf1 Bd7+ 70. Kf6 Ref7# {Hossa checkmated}
0-1

[Event "ICS rated bullet match"]
[Site "204.178.125.65"]
[Date "2000.11.18"]
[Round "?"]
[White "KyFats"]
[Black "Hossa"]
[Result "1-0"]
[WhiteElo "2763"]
[BlackElo "2642"]
[PlyCount "147"]
[EventDate "2000.??.??"]

1. d4 c6 2. c4 d5 3. Nf3 dxc4 4. e3 b5 5. a4 e6 6. axb5 cxb5 7. b3 Bb4+ 8. Bd2
Bxd2+ 9. Nbxd2 Nf6 10. bxc4 bxc4 11. Bxc4 O-O 12. O-O a5 13. Qb3 Nc6 14. Rfc1
Nb4 15. Bb5 Bd7 16. Rc5 Re8 17. Ne5 Bxb5 18. Rxb5 Nfd5 19. Ra4 Rf8 20. Ndc4 f6
21. Nd3 Nc6 22. Nc5 Re8 23. Nb6 Nxb6 24. Rxb6 Rb8 25. Nb7 Qd7 26. Kf1 Rbc8 27.
Nc5 Qf7 28. Rb7 Rb8 29. Rxf7 Rxb3 30. Rxg7+ Kxg7 31. Nxb3 Rd8 32. Rc4 Rd6 33.
Nc5 Ne7 34. Ra4 Nc6 35. Nxe6+ Rxe6 36. d5 Rd6 37. dxc6 Rxc6 38. Rxa5 Rc2 39.
Ra7+ Kg6 40. g3 Rd2 41. h4 h5 42. Kg2 Kf5 43. Kf3 Rc2 44. Rg7 Rb2 45. e4+ Ke5
46. Re7+ Kd6 47. Ra7 Rb5 48. Kf4 Re5 49. f3 Rb5 50. g4 hxg4 51. Kxg4 Ke6 52. f4
Rc5 53. h5 Rb5 54. h6 Rb1 55. f5+ Ke5 56. Re7+ Kd6 57. Re6+ Kc5 58. Kh5 Kd4 59.
h7 Rg1 60. Re8 Kd3 61. h8=Q Rh1+ 62. Kg6 Rxh8 63. Rxh8 Kd4 64. Re8 Kc5 65. Kxf6
Kd4 66. e5 Kd5 67. e6 Ke4 68. Rd8 Kf3 69. e7 Ke4 70. e8=Q+ Kf3 71. Rd3+ Kf2 72.
Qc6 Kf1 73. Rd2 Kg1 74. Qg2# {Hossa checkmated} 1-0

[Event "ICS rated bullet match"]
[Site "204.178.125.65"]
[Date "2000.11.18"]
[Round "?"]
[White "achileus"]
[Black "Hossa"]
[Result "0-1"]
[WhiteElo "2099"]
[BlackElo "2631"]
[PlyCount "98"]
[EventDate "2000.??.??"]

1. d4 Nf6 2. c4 e6 3. Nc3 Bb4 4. e3 c5 5. Nge2 d5 6. a3 cxd4 7. exd4 Ba5 8. c5
Nc6 9. b4 Bc7 10. Bf4 a6 11. Bxc7 Qxc7 12. g3 Bd7 13. Bg2 Ne7 14. O-O O-O 15.
a4 e5 16. b5 axb5 17. Nxb5 Bxb5 18. axb5 Rxa1 19. Qxa1 Nd7 20. Rc1 Rd8 21. c6
bxc6 22. bxc6 Nb8 23. dxe5 Nbxc6 24. Nd4 Qxe5 25. Nxc6 Nxc6 26. Qxe5 Nxe5 27.
Rd1 d4 28. f4 Ng4 29. Be4 Ne3 30. Rd3 f5 31. Bc6 Kf7 32. Ba4 Ke6 33. Bb3+ Kf6
34. h3 h6 35. Kf2 g6 36. Kf3 Ke7 37. g4 Kf6 38. g5+ hxg5 39. fxg5+ Kxg5 40. Rd2
Rd7 41. Rh2 Kh4 42. Rd2 Kxh3 43. Ba4 Rd6 44. Be8 g5 45. Rd1 Nxd1 46. Ke2 Re6+
47. Kd2 Rxe8 48. Kxd1 Rc8 49. Kd2 Rc3 {achileus resigns} 0-1

[Event "ICS rated blitz match"]
[Site "204.178.125.65"]
[Date "2000.11.18"]
[Round "?"]
[White "Hossa"]
[Black "Guecius"]
[Result "1-0"]
[WhiteElo "2580"]
[BlackElo "1949"]
[PlyCount "71"]
[EventDate "2000.??.??"]

1. d4 d6 2. e4 Nf6 3. Nc3 Nbd7 4. f4 e5 5. fxe5 dxe5 6. dxe5 Nxe5 7. Qxd8+ Kxd8
8. Bf4 Bd6 9. O-O-O Ke7 10. Bg5 c6 11. Nf3 Bg4 12. Be2 Bxf3 13. gxf3 h6 14.
Bxf6+ gxf6 15. f4 Ng6 16. f5 Ne5 17. a3 Rhg8 18. Rhg1 Rg5 19. h4 Rgg8 20. Kb1
Rad8 21. b4 a6 22. Kb2 b5 23. Kb3 Ra8 24. a4 Nd7 25. a5 c5 26. Nd5+ Kf8 27.
Rxg8+ Kxg8 28. Ne3 c4+ 29. Ka3 Bf4 30. Ng2 Re8 31. Rxd7 Rxe4 32. Bh5 Bc1+ 33.
Ka2 Re5 34. Kb1 Ba3 35. Bxf7+ Kf8 36. Nf4 {Guecius resigns} 1-0

[Event "ICS rated blitz match"]
[Site "204.178.125.65"]
[Date "2000.11.18"]
[Round "?"]
[White "Guecius"]
[Black "Hossa"]
[Result "0-1"]
[WhiteElo "1948"]
[BlackElo "2581"]
[PlyCount "66"]
[EventDate "2000.??.??"]

1. e4 c5 2. Nf3 Nc6 3. d4 cxd4 4. Nxd4 g6 5. c3 Bg7 6. Be2 Nxd4 7. cxd4 Qb6 8.
e5 d6 9. f4 Bd7 10. Nc3 Bc6 11. Bf3 Bxf3 12. Qxf3 e6 13. Qe3 Nh6 14. Qf2 Nf5
15. d5 Qxf2+ 16. Kxf2 dxe5 17. fxe5 Bxe5 18. dxe6 fxe6 19. Re1 Bxc3 20. bxc3
O-O 21. Kg1 Rae8 22. Rb1 Rf7 23. Ba3 b6 24. Rbd1 e5 25. g3 e4 26. Rd5 e3 27.
Bc1 h5 28. Kg2 a6 29. h3 e2 30. g4 Nh4+ 31. Kg3 Nf3 32. Bd2 Nxe1 33. Bxe1 Rf1 {
Guecius resigns} 0-1

[Event "ICS rated bullet match"]
[Site "204.178.125.65"]
[Date "2000.11.18"]
[Round "?"]
[White "Hossa"]
[Black "achileus"]
[Result "1-0"]
[WhiteElo "2632"]
[BlackElo "2013"]
[PlyCount "23"]
[EventDate "2000.??.??"]

1. Nf3 c5 2. g3 Nc6 3. Bg2 d5 4. d4 e6 5. O-O cxd4 6. Nxd4 Bc5 7. Nxc6 bxc6 8.
c4 Ne7 9. cxd5 cxd5 10. Qc2 Bb6 11. Nc3 Ba6 12. Qa4+ {achileus resigns} 1-0

[Event "ICS rated bullet match"]
[Site "204.178.125.65"]
[Date "2000.11.18"]
[Round "?"]
[White "Hossa"]
[Black "achileus"]
[Result "1-0"]
[WhiteElo "2634"]
[BlackElo "2011"]
[PlyCount "67"]
[EventDate "2000.??.??"]

1. d4 c6 2. c4 d5 3. Nf3 Nf6 4. cxd5 cxd5 5. Nc3 Nc6 6. Bg5 Bf5 7. Nh4 Bg6 8.
Nxg6 hxg6 9. e3 e6 10. Qb3 Qd7 11. Bd3 Bd6 12. Rc1 a6 13. h3 b5 14. O-O O-O 15.
Qd1 Na5 16. Bxf6 gxf6 17. Qg4 Kg7 18. Nxd5 f5 19. Bxf5 exf5 20. Qf3 Nc4 21. Rc2
Rad8 22. b3 Na3 23. Rcc1 Bh2+ 24. Kxh2 Qxd5 25. Qe2 Qd6+ 26. Kg1 Rfe8 27. Rfd1
f4 28. e4 f3 29. Qxf3 Rh8 30. e5 Qe6 31. Rc6 Rxd4 32. Rxe6 Rxd1+ 33. Qxd1 fxe6
34. Qd6 {achileus resigns} 1-0